MysticClan Chronicles Clans - Statistics

Estatísticas Gerais
  • Esse quiz foi jogado 10 vezes
  • A pontuação média é 10 de 22
Estatísticas das Respostas
Imagem Resposta % Correto
Thalor
100%
Ebonshade
67%
Lótus
67%
Lunaris
67%
Shinigami
67%
Sombrius
67%
Toichi
67%
Actherion
33%
Ashenblade
33%
Emberwyn
33%
Ferawind
33%
Frostvein
33%
Galeborne
33%
Moonscar
33%
Orakmar
33%
Pyreheart
33%
Rivenfall
33%
Solaris
33%
Stysian
33%
Valchorin
33%
Velkryn
33%
Verdantspire
33%
Nenhum quiz correspondente encontrado
Distribuição das Pontuações
Porcentagem de Pessoas com Cada Pontuação
Percentil de Números Respondidos
Sua Pontuação Histórica
Você não jogou esse quiz